000 00420nam a2200181Ia 4500
001 997
005 20260306140559.0
008 260306t2005||||xx |||||||||||||| ||spa||
041 _aESP
082 _a179.7
_bR15
100 _aRáez, Luis E.
_eAUT
245 0 _aEl suicidio asistido y la eutanasia
260 _c2005
300 _a43 páginas :
_c18 cm.
650 _aGEN
654 _aCPS
942 _cLIB
_dJUS
_fJUS
_2ddc
_n
999 _c997
_d997